Memoirs relating to European and Asistic Turkey / (Record no. 1237881)
[ view plain ]
| 000 -LEADER | |
|---|---|
| fixed length control field | 00867nam a2200265 a 4500 |
| 001 - CONTROL NUMBER | |
| control field | vtls001803645 |
| 003 - CONTROL NUMBER IDENTIFIER | |
| control field | NLI |
| 005 - DATE AND TIME OF LATEST TRANSACTION | |
| control field | 20210629045816.0 |
| 008 - FIXED-LENGTH DATA ELEMENTS--GENERAL INFORMATION | |
| fixed length control field | 140215s1817 enkbf 000 0beng |
| 039 #9 - LEVEL OF BIBLIOGRAPHIC CONTROL AND CODING DETAIL [OBSOLETE] | |
| -- | 201402152302 |
| -- | VLOAD |
| 040 ## - CATALOGING SOURCE | |
| Original cataloging agency | NLI |
| Language of cataloging | eng |
| Transcribing agency | Entertech IMP - 2013 |
| Description conventions | AACR2 |
| 041 0# - LANGUAGE CODE | |
| Language code of text/sound track or separate title | eng |
| 044 ## - COUNTRY OF PUBLISHING/PRODUCING ENTITY CODE | |
| MARC country code | enk |
| 082 ## - DEWEY DECIMAL CLASSIFICATION NUMBER | |
| Classification number | 64 |
| 245 00 - TITLE STATEMENT | |
| Title | Memoirs relating to European and Asistic Turkey / |
| Statement of responsibility, etc. | edited from manuscript journals by Robert Walpole |
| 260 ## - PUBLICATION, DISTRIBUTION, ETC. | |
| Place of publication, distribution, etc. | London : |
| Name of publisher, distributor, etc. | Longman, Hurst, Rees, Orme, and Brown, |
| Date of publication, distribution, etc. | 1817 |
| 300 ## - PHYSICAL DESCRIPTION | |
| Extent | 1 p. 1., [ix]-xxii, viii [2], 607 p. : |
| Other physical details | plates. (partly fold), maps. ; |
| Dimensions | 26 cm. |
| 651 #0 - SUBJECT ADDED ENTRY--GEOGRAPHIC NAME | |
| Geographic name | India |
| General subdivision | Biography |
| 9 (RLIN) | 679644 |
| 700 1# - ADDED ENTRY--PERSONAL NAME | |
| Personal name | Walpole, Robert, |
| Dates associated with a name | 1781-1856, |
| Relationship | edt |
| 9 (RLIN) | 860692 |
| 887 ## - NON-MARC INFORMATION FIELD | |
| Content of non-MARC field | |
| 901 ## - LOCAL DATA ELEMENT A, LDA (RLIN) | |
| a | IMP45524 |
| 902 ## - LOCAL DATA ELEMENT B, LDB (RLIN) | |
| a | 64 F 8. |
| 949 ## - LOCAL PROCESSING INFORMATION (OCLC) | |
| -- | VIRTUAITEM |
| -- | 10000 |
| -- | 100 |
| 6 | IMP000045524ENG |
| 942 ## - ADDED ENTRY ELEMENTS (KOHA) | |
| Source of classification or shelving scheme | Dewey Decimal Classification |
| Koha item type | Books |
| Withdrawn status | Lost status | Damaged status | Not for loan | Home library | Current library | Date acquired | Total Checkouts | Full call number | Barcode | Date last seen | Price effective from | Koha item type |
|---|---|---|---|---|---|---|---|---|---|---|---|---|
| National Library of India | National Library of India | 64 F 8. | IMP000045524ENG | 29/06/2021 | 29/06/2021 | Books |
